[Event "Speed Chess GP3"]
[Site "Chess.com INT"]
[Date "2021.10.02"]
[Round "7"]
[White "Estrada Nieto, Julian"]
[Black "Kretov, Evgenij"]
[Result "0-1"]
[WhiteElo "2280"]
[BlackElo "2274"]
[PlyCount "56"]
[EventDate "2021.10.02"]
[EventType "swiss (blitz)"]
[EventRounds "10"]
[EventCountry "USA"]
[SourceTitle "CBM 204 Extra"]
[Source "ChessBase"]
[SourceDate "2021.11.30"]
[SourceVersion "1"]
[SourceVersionDate "2021.11.30"]
[SourceQuality "1"]

1. e4 c5 2. Nf3 Nc6 3. Bb5 g6 4. Bxc6 bxc6 5. 0-0 Bg7 6. Re1 Nf6 7. e5 Nd5 8. c4 Nc7 9. d4 cxd4 10. Qxd4 Ne6 11. Qh4 0-0 12. Bh6 Qb6 13. b3 a5 14. Nc3 Qb4 15. Ne4 f6 16. Bxg7 Kxg7 17. exf6+ exf6 18. Qg3 a4 19. Rab1 axb3 20. axb3 Ra2 21. h4 h5 22. Nd6 Kh7 23. Red1 Ba6 24. Ne4 d5 25. cxd5 cxd5 26. Ned2 Nf4 27. Re1 Rxd2 28. Qxf4 Qxf4 0-1

[Event "Speed Chess GP3"]
[Site "Chess.com INT"]
[Date "2021.10.02"]
[Round "8"]
[White "Kretov, Evgenij"]
[Black "Hansen, Eric"]
[Result "0-1"]
[WhiteElo "2274"]
[BlackElo "2606"]
[PlyCount "84"]
[EventDate "2021.10.02"]
[EventType "swiss (blitz)"]
[EventRounds "10"]
[EventCountry "USA"]
[SourceTitle "CBM 204 Extra"]
[Source "ChessBase"]
[SourceDate "2021.11.30"]
[SourceVersion "1"]
[SourceVersionDate "2021.11.30"]
[SourceQuality "1"]

1. d4 Nf6 2. c4 g6 3. Nc3 d5 4. cxd5 Nxd5 5. Bd2 Bg7 6. e4 Nb6 7. Be3 0-0 8. h3 e5 9. Nf3 exd4 10. Bxd4 Qe7 11. Bxg7 Kxg7 12. Be2 Rd8 13. Qc2 c5 14. a4 Nc6 15. a5 Nb4 16. Qb1 Nd7 17. 0-0 Ne5 18. Nxe5 Qxe5 19. f4 Qe7 20. Bc4 Be6 21. Bxe6 Qxe6 22. Rf2 Nd3 23. Rf3 c4 24. Qc2 b5 25. axb6 axb6 26. Raf1 b5 27. f5 Qb6+ 28. Kh1 Ne5 29. f6+ Kh8 30. Nd5 Rxd5 31. exd5 Nxf3 32. Rxf3 Qd4 33. Qc1 Qxd5 34. Rf1 Qe5 35. Qh6 Rg8 36. Rf4 g5 37. Rg4 Qxb2 38. h4 Qb1+ 39. Kh2 Qg6 40. Qxg6 Rxg6 41. hxg5 h6 42. Rh4 Kh7 0-1

[Event "Speed Chess GP3"]
[Site "Chess.com INT"]
[Date "2021.10.02"]
[Round "6"]
[White "Kretov, Evgenij"]
[Black "Samadov, Read"]
[Result "0-1"]
[WhiteElo "2274"]
[BlackElo "2375"]
[PlyCount "96"]
[EventDate "2021.10.02"]
[EventType "swiss (blitz)"]
[EventRounds "10"]
[EventCountry "USA"]
[SourceTitle "CBM 204 Extra"]
[Source "ChessBase"]
[SourceDate "2021.11.30"]
[SourceVersion "1"]
[SourceVersionDate "2021.11.30"]
[SourceQuality "1"]

1. d4 Nf6 2. c4 e6 3. Nc3 Bb4 4. Bg5 h6 5. Bh4 c5 6. d5 Bxc3+ 7. bxc3 e5 8. Qc2 d6 9. e3 Qe7 10. Nf3 Nbd7 11. Nd2 Kd8 12. Bd3 Kc7 13. 0-0 g5 14. Bg3 h5 15. h3 h4 16. Bh2 g4 17. Bf5 Nb6 18. hxg4 Nxg4 19. Qe4 Bxf5 20. Qxf5 Rag8 21. a4 Rg5 22. Qf3 f5 23. a5 Nd7 24. Rfb1 Rhg8 25. e4 Nxh2 26. Kxh2 Rxg2+ 27. Kh1 Qg5 28. Rd1 f4 29. Rf1 Nf6 30. Qh3 Qg4 31. Qxg4 R8xg4 32. Rae1 h3 33. Nf3 Rg8 34. Nh4 R8g4 35. Nf3 Rg7 36. Nh4 R2g4 37. Nf3 Rg8 38. Rg1 Rg2 39. Nh4 Rxf2 40. Rxg8 Nxg8 41. Rg1 Nf6 42. Rg7+ Kc8 43. Nf5 Nxe4 44. Rg8+ Kd7 45. Rg7+ Ke8 46. Rxb7 Ng3+ 47. Nxg3 fxg3 48. Kg1 h2+ 0-1

[Event "Speed Chess GP1"]
[Site "Chess.com INT"]
[Date "2021.09.18"]
[Round "5"]
[White "Kretov, Evgenij"]
[Black "Johnson, Donald"]
[Result "1-0"]
[WhiteElo "2274"]
[BlackElo "2083"]
[PlyCount "109"]
[EventDate "2021.09.18"]
[EventType "swiss (blitz)"]
[EventRounds "10"]
[EventCountry "USA"]
[SourceTitle "CBM 204 Extra"]
[Source "ChessBase"]
[SourceDate "2021.11.30"]
[SourceVersion "1"]
[SourceVersionDate "2021.11.30"]
[SourceQuality "1"]

1. d4 Nf6 2. c4 g6 3. Nc3 d5 4. cxd5 Nxd5 5. Bd2 Bg7 6. e4 Nxc3 7. Bxc3 0-0 8. Nf3 c5 9. d5 e6 10. Bxg7 Kxg7 11. dxe6 Bxe6 12. Be2 Nc6 13. 0-0 Qxd1 14. Rfxd1 Rfd8 15. a3 Rxd1+ 16. Rxd1 Rd8 17. Rxd8 Nxd8 18. Kf1 Nc6 19. Ke1 Kf6 20. Kd2 Ne5 21. Ne1 Nc4+ 22. Kc3 Nd6 23. Bd3 Ke5 24. f3 c4 25. Bb1 a5 26. g3 Nb5+ 27. Kd2 g5 28. f4+ gxf4 29. Nf3+ Kd6 30. gxf4 c3+ 31. bxc3 Nxa3 32. Bd3 Nc4+ 33. Kc2 b5 34. Nd4 Kc5 35. e5 h6 36. f5 Bd5 37. e6 fxe6 38. fxe6 b4 39. e7 Bf7 40. Nf5 b3+ 41. Kxb3 Ne3+ 42. Ka4 Nxf5 43. Bxf5 Kd6 44. Kxa5 Kxe7 45. Kb4 Kf6 46. Bd7 Bd5 47. Kc5 Bb7 48. Kd6 Ba8 49. c4 Bb7 50. c5 Ba6 51. c6 h5 52. c7 h4 53. Kc5 Bb7 54. Kb6 Ke7 55. Kxb7 1-0

[Event "Speed Chess GP1"]
[Site "Chess.com INT"]
[Date "2021.09.18"]
[Round "7"]
[White "Kretov, Evgenij"]
[Black "Molina, Roberto Junio Brito"]
[Result "1-0"]
[WhiteElo "2274"]
[BlackElo "2434"]
[PlyCount "121"]
[EventDate "2021.09.18"]
[EventType "swiss (blitz)"]
[EventRounds "10"]
[EventCountry "USA"]
[SourceTitle "CBM 204 Extra"]
[Source "ChessBase"]
[SourceDate "2021.11.30"]
[SourceVersion "1"]
[SourceVersionDate "2021.11.30"]
[SourceQuality "1"]

1. d4 d5 2. c4 c6 3. Nc3 Nf6 4. e3 a6 5. Nf3 Bf5 6. Bd3 Bxd3 7. Qxd3 e6 8. 0-0 Nbd7 9. e4 dxe4 10. Nxe4 Be7 11. b3 0-0 12. Bb2 Nxe4 13. Qxe4 Bf6 14. Rad1 Re8 15. Bc3 Rc8 16. Qe3 b5 17. Ne5 Qc7 18. f4 g6 19. Kh1 Bg7 20. Qe4 bxc4 21. bxc4 c5 22. Nxd7 Qxd7 23. dxc5 Qc6 24. Qxc6 Rxc6 25. Bxg7 Kxg7 26. Rd6 Rec8 27. Rxc6 Rxc6 28. Rc1 Rxc5 29. Kg1 Kf6 30. Kf2 Ke7 31. Ke3 Kd6 32. Kd4 Ra5 33. Rc2 f6 34. Rb2 Kc6 35. Re2 Kd6 36. c5+ Kd7 37. g3 Ra4+ 38. Kc3 h6 39. Kb3 Rd4 40. c6+ Kxc6 41. Rxe6+ Rd6 42. Rxd6+ Kxd6 43. Kb4 Kc6 44. Kc4 Kd6 45. Kb4 Kc6 46. Ka5 Kb7 47. g4 f5 48. gxf5 gxf5 49. Kb4 Kb6 50. Kc4 Kc6 51. Kd4 Kd6 52. a3 a5 53. a4 h5 54. h4 Kc6 55. Ke5 Kc5 56. Kxf5 Kb4 57. Kg5 Kxa4 58. f5 Kb3 59. f6 a4 60. f7 a3 61. f8Q 1-0

[Event "Speed Chess GP1"]
[Site "Chess.com INT"]
[Date "2021.09.18"]
[Round "10"]
[White "Kretov, Evgenij"]
[Black "Pohjala, Henri"]
[Result "1-0"]
[WhiteElo "2274"]
[BlackElo "2355"]
[PlyCount "71"]
[EventDate "2021.09.18"]
[EventType "swiss (blitz)"]
[EventRounds "10"]
[EventCountry "USA"]
[SourceTitle "CBM 204 Extra"]
[Source "ChessBase"]
[SourceDate "2021.11.30"]
[SourceVersion "1"]
[SourceVersionDate "2021.11.30"]
[SourceQuality "1"]

1. d4 d5 2. c4 c6 3. Nc3 Nf6 4. e3 a6 5. Nf3 e6 6. Bd3 Nbd7 7. e4 dxc4 8. Bxc4 b5 9. Be2 Bb7 10. e5 Nd5 11. Nxd5 cxd5 12. 0-0 Be7 13. Ne1 0-0 14. f4 g6 15. Nf3 Rc8 16. Be3 Nb6 17. b3 Qc7 18. Bd3 Qc3 19. Qe2 Kg7 20. Rab1 f5 21. exf6+ Bxf6 22. Bd2 Qc6 23. Ne5 Qd6 24. g4 Nd7 25. a4 Bc6 26. axb5 Bxb5 27. Bxb5 axb5 28. Qxb5 Nxe5 29. fxe5 Bxe5 30. dxe5 Qxe5 31. Rxf8 Rxf8 32. Qd3 d4 33. Re1 Qd5 34. Qe4 Qxb3 35. Qxd4+ Kg8 36. Bh6 1-0